[Event "Toronto NAYCC U16"]
[Site "Toronto"]
[Date "2013.08.16"]
[Round "5"]
[White "Sun, Mike"]
[Black "Polavarapu, Satyaveer"]
[Result "1-0"]
[WhiteElo "2021"]
[BlackElo "1186"]
[PlyCount "83"]
[EventDate "2013.08.14"]
[EventType "swiss"]
[EventRounds "9"]
[EventCountry "CAN"]
[SourceTitle "EXT 2022"]
[Source "ChessBase"]
[SourceDate "2021.10.06"]
[SourceVersion "1"]
[SourceVersionDate "2021.10.06"]
[SourceQuality "1"]

1. e4 e5 2. Nf3 Nc6 3. Bb5 a6 4. Ba4 b5 5. Bb3 Nf6 6. d3 d5 7. exd5 Nxd5 8. h3 Bb4+ 9. c3 Ba5 10. Bg5 f6 11. Bh4 Nf4 12. 0-0 Nxd3 13. Qe2 Nf4 14. Qe4 Bb7 15. Nxe5 Qd6 16. Nf7+ Qe7 17. Qxf4 Rf8 18. Nd2 Rxf7 19. Bxf7+ Kxf7 20. Qe4 Qxe4 21. Nxe4 Ne5 22. Nc5 Bd5 23. Rfd1 Rd8 24. Nxa6 c6 25. Bg3 Nc4 26. b4 Bb6 27. Bc7 Bxc7 28. Nxc7 Nb2 29. Rd4 Na4 30. Nxd5 cxd5 31. Rc1 Rc8 32. Rxd5 Nxc3 33. Kf1 Nxd5 34. Rxc8 Nxb4 35. Rc7+ Kg8 36. a3 Nd5 37. Rc5 Nb6 38. Rxb5 Nc4 39. a4 g5 40. a5 Nd6 41. Rb8+ Kg7 42. a6 1-0

[Event "CAN-ch U16"]
[Site "Ottawa"]
[Date "2013.07.11"]
[Round "3"]
[White "Sun, Mike"]
[Black "Wu, Stanley"]
[Result "1-0"]
[WhiteElo "2080"]
[BlackElo "1741"]
[PlyCount "64"]
[EventDate "2013.07.10"]
[EventType "swiss"]
[EventRounds "6"]
[EventCountry "CAN"]
[SourceTitle "EXT 2022"]
[Source "ChessBase"]
[SourceDate "2021.10.06"]
[SourceVersion "1"]
[SourceVersionDate "2021.10.06"]
[SourceQuality "1"]

1. e4 e5 2. Nf3 Nc6 3. Bb5 a6 4. Ba4 Nf6 5. d3 Bc5 6. 0-0 d6 7. c3 h6 8. d4 exd4 9. cxd4 Ba7 10. d5 b5 11. dxc6 bxa4 12. e5 dxe5 13. Qxd8+ Kxd8 14. Nxe5 Ke7 15. Bd2 Rb8 16. Ba5 Rxb2 17. Bxc7 Ne4 18. Nd3 Rc2 19. Re1 Bf5 20. Ba5 Kf6 21. Na3 Rxc6 22. g4 Bh7 23. Kg2 Ng5 24. Ne5 Rd6 25. Bb4 Rd5 26. Nc6 Bc5 27. Bc3+ Kg6 28. f4 Nh3 29. Ne5+ Kf6 30. Nf3+ Kg6 31. f5+ Rxf5 32. gxf5+ Kxf5 1-0

[Event "Eastern Ontario op"]
[Site "Ottawa"]
[Date "2013.06.22"]
[Round "3"]
[White "Pacey, Kevin"]
[Black "Sun, Mike"]
[Result "1-0"]
[WhiteElo "2213"]
[BlackElo "2081"]
[PlyCount "57"]
[EventDate "2013.06.21"]
[EventType "swiss"]
[EventRounds "5"]
[EventCountry "CAN"]
[SourceTitle "EXT 2014"]
[Source "ChessBase"]
[SourceDate "2013.11.20"]
[SourceVersion "1"]
[SourceVersionDate "2013.11.20"]
[SourceQuality "1"]

1. b4 d5 2. Bb2 c6 3. Nf3 a5 4. bxa5 Rxa5 5. e3 Bg4 6. c4 Nd7 7. cxd5 cxd5 8. h3 Bh5 9. Qb3 Bxf3 10. gxf3 Qb6 11. Qxb6 Nxb6 12. Rg1 Nf6 13. Bxf6 exf6 14. Nc3 Nd7 15. Rb1 Ne5 16. Rg3 Ra7 17. f4 Nc6 18. Bg2 d4 19. Rxb7 dxc3 20. Bxc6+ Kd8 21. dxc3 Rxa2 22. Bd5 Rc2 23. c4 g6 24. e4 Bd6 25. Rgb3 Rf8 26. Ra7 Bc7 27. Rbb7 Kd7 28. Rxc7+ Kd6 29. Rc6# 1-0

[Event "Gatineau TORO"]
[Site "Gatineau"]
[Date "2013.06.07"]
[Round "1"]
[White "Sun, Mike"]
[Black "Sambuev, Bator"]
[Result "0-1"]
[WhiteElo "2084"]
[BlackElo "2589"]
[PlyCount "30"]
[EventDate "2013.06.07"]
[EventType "swiss"]
[EventRounds "5"]
[EventCountry "CAN"]
[SourceTitle "EXT 2022"]
[Source "ChessBase"]
[SourceDate "2021.10.06"]
[SourceVersion "1"]
[SourceVersionDate "2021.10.06"]
[SourceQuality "1"]

1. e4 e5 2. Nf3 d6 3. d4 Nf6 4. Nc3 Nbd7 5. Bc4 Be7 6. Qe2 0-0 7. g4 exd4 8. Nxd4 d5 9. g5 dxc4 10. gxf6 Bxf6 11. Be3 c5 12. Nf5 Bxc3+ 13. bxc3 Ne5 14. Bxc5 Bxf5 15. exf5 Qd5 0-1

[Event "Mauricie op"]
[Site "Trois Rivieres "]
[Date "2013.03.16"]
[Round "2"]
[White "Sun, Mike"]
[Black "Trottier, Emile"]
[Result "1/2-1/2"]
[WhiteElo "2084"]
[BlackElo "2010"]
[PlyCount "64"]
[EventDate "2013.03.15"]
[EventType "swiss"]
[EventRounds "5"]
[EventCountry "CAN"]
[SourceTitle "EXT 2014"]
[Source "ChessBase"]
[SourceDate "2013.11.20"]
[SourceVersion "1"]
[SourceVersionDate "2013.11.20"]
[SourceQuality "1"]

1. e4 c5 2. Nc3 Nc6 3. Bb5 a6 4. Bxc6 bxc6 5. f4 d5 6. d3 Nf6 7. Bd2 Bg4 8. Nf3 e6 9. h3 Bxf3 10. Qxf3 Be7 11. 0-0 Qb6 12. Na4 Qb5 13. b3 c4 14. e5 Nd7 15. dxc4 dxc4 16. Nc3 Qb6+ 17. Be3 Bc5 18. Bxc5 Nxc5 19. Qe3 Nd7 20. Qxb6 Nxb6 21. Ne4 Ke7 22. Nd6 f6 23. Rad1 fxe5 24. fxe5 Rhf8 25. Rd4 Rxf1+ 26. Kxf1 cxb3 27. cxb3 Nd7 28. Nc4 Rf8+ 29. Ke2 h5 30. g4 g6 31. Re4 Nc5 32. Rd4 Nd7 1/2-1/2

[Event "Gatineau op"]
[Site "Gatineau"]
[Date "2013.03.01"]
[Round "1"]
[White "Sun, Mike"]
[Black "Yang, Ryan"]
[Result "0-1"]
[WhiteElo "2120"]
[BlackElo "1844"]
[PlyCount "70"]
[EventDate "2013.03.01"]
[EventType "swiss"]
[EventRounds "5"]
[EventCountry "CAN"]
[SourceTitle "EXT 2022"]
[Source "ChessBase"]
[SourceDate "2021.10.06"]
[SourceVersion "1"]
[SourceVersionDate "2021.10.06"]
[SourceQuality "1"]

1. e4 c5 2. Nc3 Nc6 3. Bb5 Nf6 4. Bxc6 bxc6 5. f4 d6 6. Nf3 g6 7. 0-0 Bg7 8. d3 0-0 9. Qe1 Bg4 10. Qf2 Rb8 11. Rb1 Nd7 12. Be3 Qa5 13. Bd2 Bxf3 14. gxf3 Bd4 15. Be3 Bxc3 16. bxc3 Qxc3 17. f5 Qg7 18. Qh4 Qf6 19. Qh3 Nb6 20. Rb3 c4 21. dxc4 Nxc4 22. Bxa7 Ra8 23. Rb7 Rxa7 24. Rxa7 Qd4+ 25. Kh1 Qxa7 26. fxg6 hxg6 27. Rg1 Qxa2 28. Qh6 Ne5 29. f4 Qxc2 30. fxe5 Qxe4+ 31. Rg2 Rb8 32. h4 Rb1+ 33. Kh2 Qxe5+ 34. Rg3 Rb2+ 35. Kh3 Qf5+ 0-1

[Event "Quebec-ch classe U2000"]
[Site "Montreal"]
[Date "2013.01.20"]
[Round "4"]
[White "Sun, Mike"]
[Black "Bouchard, Jean Marc"]
[Result "1/2-1/2"]
[WhiteElo "1801"]
[BlackElo "1857"]
[PlyCount "92"]
[EventDate "2013.01.18"]
[EventType "swiss"]
[EventRounds "5"]
[EventCountry "CAN"]
[SourceTitle "EXT 2022"]
[Source "ChessBase"]
[SourceDate "2021.10.06"]
[SourceVersion "1"]
[SourceVersionDate "2021.10.06"]
[SourceQuality "1"]

1. e4 e6 2. d4 d5 3. exd5 exd5 4. Nf3 Bd6 5. c4 Nc6 6. Nc3 dxc4 7. Bxc4 Nf6 8. 0-0 Bg4 9. Re1+ Ne7 10. Qa4+ Qd7 11. Qxd7+ Bxd7 12. Ne5 0-0 13. Nxd7 Nxd7 14. Ne4 Bb4 15. Bd2 Bxd2 16. Nxd2 Nf5 17. Nf3 Nd6 18. Bb3 Rfe8 19. Ne5 Nb6 20. Re3 Kf8 21. Rh3 f6 22. Nd3 h6 23. Nf4 Nbc4 24. Rc3 Re4 25. Ng6+ Kf7 26. Bxc4+ Nxc4 27. Rxc4 Kxg6 28. Rxc7 Rae8 29. g3 Rxd4 30. Rxb7 Re2 31. Rxa7 Rdd2 32. Rf1 Rxb2 33. a4 Ra2 34. h4 Re4 35. Ra5 Rexa4 36. h5+ Kf7 37. Rb5 Ra7 38. Rfb1 Ra1 39. Rxa1 Rxa1+ 40. Kg2 Ra7 41. Rb6 Ra5 42. Rb7+ Kg8 43. g4 f5 44. f3 fxg4 45. fxg4 Ra3 46. Rd7 Rb3 1/2-1/2

[Event "Montreal Pere Noel"]
[Site "Montreal"]
[Date "2012.12.30"]
[Round "5.10"]
[White "Mathews, Theo"]
[Black "Sun, Mike"]
[Result "0-1"]
[WhiteElo "1564"]
[BlackElo "1979"]
[PlyCount "86"]
[EventDate "2012.12.26"]
[EventType "swiss"]
[EventRounds "5"]
[EventCountry "CAN"]
[SourceTitle "EXT 2022"]
[Source "ChessBase"]
[SourceDate "2021.10.06"]
[SourceVersion "1"]
[SourceVersionDate "2021.10.06"]
[SourceQuality "1"]

1. d4 g6 2. c4 Bg7 3. Nc3 c5 4. Nf3 cxd4 5. Nxd4 Nc6 6. Nxc6 bxc6 7. e4 d6 8. Be2 Nf6 9. 0-0 0-0 10. Be3 Bb7 11. Qd2 Qc7 12. Bh6 Bxh6 13. Qxh6 d5 14. cxd5 cxd5 15. exd5 Nxd5 16. Nxd5 Bxd5 17. Rac1 Qe5 18. Rc3 Rac8 19. Rh3 Qg7 20. Qxg7+ Kxg7 21. Re3 e6 22. a3 Rc2 23. b4 Rfc8 24. f3 Ra2 25. Re1 Rcc2 26. Bf1 f5 27. R1e2 Rxe2 28. Bxe2 f4 29. Rc3 Rxe2 30. Rc7+ Kf6 31. Rxa7 Ra2 32. b5 Bc4 33. g3 fxg3 34. hxg3 Bxb5 35. Ra5 Bc6 36. g4 g5 37. Ra7 Bxf3 38. Rxh7 Rxa3 39. Rh6+ Ke5 40. Rh3 Ra1+ 41. Kf2 Bxg4 42. Re3+ Kf5 43. Kg3 Bh5 0-1

[Event "Montreal Pere Noel"]
[Site "Montreal"]
[Date "2012.12.26"]
[Round "1.2"]
[White "Leveille, Francois"]
[Black "Sun, Mike"]
[Result "1-0"]
[WhiteElo "2329"]
[BlackElo "1979"]
[PlyCount "47"]
[EventDate "2012.12.26"]
[EventType "swiss"]
[EventRounds "5"]
[EventCountry "CAN"]
[SourceTitle "EXT 2022"]
[Source "ChessBase"]
[SourceDate "2021.10.06"]
[SourceVersion "1"]
[SourceVersionDate "2021.10.06"]
[SourceQuality "1"]

1. Nf3 g6 2. e4 Bg7 3. d4 c5 4. d5 d6 5. c4 Nf6 6. Nc3 0-0 7. Bg5 e6 8. Nd2 h6 9. Bh4 Nbd7 10. Be2 exd5 11. cxd5 Re8 12. 0-0 Rb8 13. a4 a6 14. a5 b5 15. axb6 Qxb6 16. Ra2 Bb7 17. Qc2 Ne5 18. f4 Ned7 19. Nc4 Qc7 20. Bg3 Nb6 21. b3 Nbxd5 22. exd5 Bxd5 23. f5 Ne4 24. Nxd5 1-0

[Event "Ottawa RA Autumn op"]
[Site "Ottawa"]
[Date "2012.09.15"]
[Round "2"]
[White "Hambleton, Aman"]
[Black "Sun, Mike"]
[Result "1-0"]
[WhiteElo "2134"]
[BlackElo "1917"]
[PlyCount "59"]
[EventDate "2012.09.14"]
[EventType "swiss"]
[EventRounds "5"]
[EventCountry "CAN"]
[SourceTitle "EXT 2022"]
[Source "ChessBase"]
[SourceDate "2021.10.06"]
[SourceVersion "1"]
[SourceVersionDate "2021.10.06"]
[SourceQuality "1"]

1. d4 g6 2. c4 Bg7 3. e4 c5 4. d5 d6 5. h3 Nf6 6. Nc3 0-0 7. Nf3 e6 8. Bd3 exd5 9. cxd5 b5 10. Bxb5 Nxe4 11. Nxe4 Qa5+ 12. Nfd2 Qxb5 13. Nxd6 Qd7 14. N2c4 Ba6 15. 0-0 Rd8 16. Re1 Bd4 17. Qf3 Bxc4 18. Nxc4 Na6 19. Bg5 Re8 20. Bf6 Nb4 21. Bxd4 cxd4 22. d6 Nc6 23. Rad1 Rac8 24. b3 a5 25. Nb6 Qxd6 26. Nxc8 Rxc8 27. Rc1 d3 28. Red1 d2 29. Rc2 Re8 30. Rcxd2 1-0

[Event "Quebec op"]
[Site "Montreal"]
[Date "2012.07.22"]
[Round "3"]
[White "Zhang, Zhiyuan"]
[Black "Sun, Mike"]
[Result "1/2-1/2"]
[WhiteElo "2068"]
[BlackElo "1680"]
[PlyCount "44"]
[EventDate "2012.07.21"]
[EventType "swiss"]
[EventRounds "9"]
[EventCountry "CAN"]
[SourceTitle "EXT 2022"]
[Source "ChessBase"]
[SourceDate "2021.10.06"]
[SourceVersion "1"]
[SourceVersionDate "2021.10.06"]
[SourceQuality "1"]

1. d4 g6 2. e4 Bg7 3. Nf3 c5 4. d5 d6 5. c4 e5 6. Nc3 Ne7 7. Be3 Nd7 8. Nd2 0-0 9. Be2 f5 10. f3 f4 11. Bf2 Nf6 12. Bd3 g5 13. a3 h5 14. b4 b6 15. Nb3 Rf7 16. Qd2 Ng6 17. h3 Bf8 18. Ne2 Rg7 19. a4 g4 20. hxg4 hxg4 21. 0-0-0 g3 22. Be1 Bd7 1/2-1/2

[Event "Gatineau op-B"]
[Site "Gatineau"]
[Date "2012.03.03"]
[Round "2"]
[White "Best, Garland"]
[Black "Sun, Mike"]
[Result "0-1"]
[WhiteElo "1619"]
[BlackElo "1648"]
[PlyCount "68"]
[EventDate "2012.03.02"]
[EventType "swiss"]
[EventRounds "5"]
[EventCountry "CAN"]
[SourceTitle "EXT 2022"]
[Source "ChessBase"]
[SourceDate "2021.10.06"]
[SourceVersion "1"]
[SourceVersionDate "2021.10.06"]
[SourceQuality "1"]

1. e4 c5 2. Nf3 d6 3. d4 cxd4 4. Qxd4 a6 5. c4 Nc6 6. Qd2 Nf6 7. Nc3 g6 8. b3 Bg7 9. Bb2 0-0 10. Be2 Bg4 11. 0-0 Bxf3 12. Bxf3 Nd7 13. Rad1 Nc5 14. g3 a5 15. Ne2 Bxb2 16. Qxb2 Ne6 17. h4 Ne5 18. Bg2 h5 19. f3 Qb6+ 20. Kh2 Nxc4 21. Qc1 Ne3 22. Nc3 Nxf1+ 23. Rxf1 Rfc8 24. Nd5 Rxc1 25. Nxb6 Rxf1 26. Bxf1 Rd8 27. Nc4 Nd4 28. Kg2 Nc6 29. Kf2 d5 30. Nd2 dxe4 31. Nxe4 Rd1 32. Be2 Ra1 33. Nc3 Rc1 34. Nb5 Rc2 0-1

[Event "North American-ch U14"]
[Site "Montreal"]
[Date "2010.08.19"]
[Round "7"]
[White "Kalra, Agastya"]
[Black "Sun, Mike"]
[Result "1-0"]
[WhiteElo "1776"]
[BlackElo "1163"]
[PlyCount "71"]
[EventDate "2010.08.16"]
[EventType "swiss"]
[EventRounds "7"]
[EventCountry "CAN"]
[SourceTitle "EXT 2013"]
[Source "ChessBase"]
[SourceDate "2012.11.22"]
[SourceVersion "1"]
[SourceVersionDate "2012.11.22"]
[SourceQuality "1"]

1. e4 d6 2. d4 Nf6 3. Nc3 g6 4. Be3 c6 5. Qd2 Bg7 6. f3 b5 7. a3 Nbd7 8. Bd3 Bb7 9. Bh6 0-0 10. h4 a5 11. h5 Re8 12. hxg6 fxg6 13. Bxg7 Kxg7 14. Qh6+ Kf7 15. Nh3 Rg8 16. Ng5+ Ke8 17. e5 dxe5 18. Nxh7 Nf8 19. Nxf8 Rxf8 20. dxe5 Ng8 21. Bxg6+ Kd7 22. Rd1+ Kc7 23. Rxd8 Nxh6 24. Rxa8 Rxa8 25. Rxh6 Rg8 26. g4 Kb6 27. f4 Bc8 28. f5 b4 29. axb4 axb4 30. Ne4 Kb5 31. g5 e6 32. f6 Kc4 33. Bf7 Rf8 34. g6 b3 35. cxb3+ Kxb3 36. g7 1-0

[Event "North American-ch U14"]
[Site "Montreal"]
[Date "2010.08.17"]
[Round "4"]
[White "Markelov, Lev"]
[Black "Sun, Mike"]
[Result "0-1"]
[WhiteElo "1168"]
[BlackElo "1163"]
[PlyCount "142"]
[EventDate "2010.08.16"]
[EventType "swiss"]
[EventRounds "7"]
[EventCountry "CAN"]
[SourceTitle "EXT 2013"]
[Source "ChessBase"]
[SourceDate "2012.11.22"]
[SourceVersion "1"]
[SourceVersionDate "2012.11.22"]
[SourceQuality "1"]

1. e4 d6 2. d4 Nf6 3. Nc3 g6 4. Nf3 b6 5. Bc4 Bb7 6. 0-0 Nxe4 7. Nxe4 Bxe4 8. Re1 Bc6 9. d5 Bd7 10. Ng5 Bg7 11. Qf3 0-0 12. Re4 c6 13. h4 h5 14. Bf4 Bf5 15. Re3 Bd4 16. Ree1 b5 17. c3 Bxf2+ 18. Kxf2 bxc4 19. Be3 Nd7 20. Bf4 Nc5 21. Kg3 Nd3 22. Re2 Bg4 23. Qe3 Bxe2 24. Qxe2 Nxf4 25. Kxf4 cxd5 26. g4 e5+ 27. Kg3 hxg4 28. Qxg4 Qf6 29. Kh3 Qf5 30. Qxf5 gxf5 31. Rg1 Kh8 32. Rd1 d4 33. cxd4 e4 34. Rf1 e3 35. Rxf5 e2 36. Nf3 Rae8 37. Ne1 Rg8 38. Rh5+ Kg7 39. Rd5 Rd8 40. Rg5+ Kf6 41. Rg3 Rxg3+ 42. Kxg3 Kf5 43. Kf2 Kg4 44. Kxe2 Re8+ 45. Kd2 Rxe1 46. Kxe1 Kxh4 47. Kd2 Kg4 48. Kc3 d5 49. b3 cxb3 50. axb3 Kf4 51. Kb4 Ke4 52. Ka5 f5 53. Ka6 f4 54. b4 f3 55. b5 f2 56. Kxa7 f1Q 57. b6 Qa1+ 58. Kb8 Qxd4 59. b7 Qb4 60. Kc7 d4 61. b8Q Qxb8+ 62. Kxb8 d3 63. Kc7 d2 64. Kc6 d1Q 65. Kc5 Qd4+ 66. Kc6 Ke5 67. Kc7 Qd6+ 68. Kb7 Kd5 69. Ka8 Qd7 70. Kb8 Kc6 71. Ka8 Qb7# 0-1